000 01694nam a2200421 a 4500
001 ebr10194142
003 CaPaEBR
006 m u
007 cr cn|||||||||
008 061108s2007 nyua sb 001 0deng
010 _z 2006052780
020 _z9781403980731 (alk. paper)
020 _z140398073X (alk. paper)
040 _aCaPaEBR
_cCaPaEBR
035 _a(OCoLC)567827775
043 _an-us---
_ae-uk---
050 1 4 _aE806
_b.R7255 2007eb
082 0 4 _a327.730409/044
_222
100 1 _aRofe, J. Simon.
245 1 0 _aFranklin Roosevelt's foreign policy and the Welles mission
_h[electronic resource] /
_cJ. Simon Rofe.
250 _a1st ed.
260 _aNew York :
_bPalgrave Macmillan,
_c2007.
300 _a270 p. :
_bill.
490 1 _aThe world of the Roosevelts
504 _aIncludes bibliographical references (p. [243]-255) and index.
533 _aElectronic reproduction.
_bPalo Alto, Calif. :
_cebrary,
_d2013.
_nAvailable via World Wide Web.
_nAccess may be limited to ebrary affiliated libraries.
600 1 0 _aRoosevelt, Franklin D.
_q(Franklin Delano),
_d1882-1945.
600 1 0 _aWelles, Sumner,
_d1892-1961.
600 1 0 _aHull, Cordell,
_d1871-1955.
650 0 _aWorld War, 1939-1945
_xDiplomatic history.
651 0 _aUnited States
_xForeign relations
_y1933-1945.
651 0 _aUnited States
_xForeign relations
_zGreat Britain.
651 0 _aGreat Britain
_xForeign relations
_zUnited States.
655 7 _aElectronic books.
_2local
710 2 _aebrary, Inc.
830 0 _aWorld of the Roosevelts.
856 4 0 _uhttp://site.ebrary.com/lib/rucke/Doc?id=10194142
_zAn electronic book accessible through the World Wide Web; click to view
999 _c221299
_d221299